| 000 | 00448nam a2200157 i 4500 | ||
|---|---|---|---|
| 001 | bg | ||
| 100 | 1 | _aONISZCZYK, Rościsław | |
| 245 | 0 |
_aMetody operatorowe rozwiązywania równań różniczkowych / _cRościsław Oniszczyk, Grzegorz Bryll, Zbigniew Garbaj. |
|
| 260 |
_aOpole, _c1971. |
||
| 700 | 1 | _aBRYLL, Grzegorz | |
| 700 | 1 | _aGARBAJ, Zbigniew | |
| 040 | _cBPK | ||
| 041 | _apol | ||
| 942 | _cKS | ||
| 008 | s pl f |000 0 pol | ||
| 999 |
_c7327 _d7327 |
||
| 856 |
_uhttp://koha.tu.koszalin.pl/cgi-bin/koha/opac-detail.pl?biblionumber=7327 _yKatalog online BPK |
||